000 00526nam a2200181Ia 4500
005 20250508152215.0
008 008 250505s9999 xx 000 0 eng d
037 _aTextual
040 _aFEDL
_beng
_cFEDL
041 _aeng
_2eng
084 _a376.954, BAG
_qFEDL
100 _aBagal Jogesh Chandra
245 0 _aWomen's education in Eastern India
260 _aCalcutta, India
_bThe World Press Private Limited
_c1956
300 _axi,132p
942 _cTEXL
_h376.954, BAG
999 _c1334964
_d1334964